00525nam a2200169Ia 4500008004100000082001300041100002800054245004300082250000800125260002900133300001300162500002400175650001500199942000700214952011700221999001700338230524s9999 xx 000 0 und d a610bDOM aMichael M.Domach924830 0aIntroduction to Biomedical Engineering a1ST aNEW DELHIbPearsonc2004 aXIII;230 aQuantity Number: 1 aBiomedical cBK 00104070aTATCLbTATCLcGENd2023-05-24l1o610 DOMp16143q2015-06-01r2024-02-02s2024-02-02w2023-05-24yBK c36747d36747